Obálka Náhled e-knihy:
PDF
Pro půjčování e-knih musíte být přihlášeni.
Jak si půjčit online?

Přijímací zkoušky na víceletá gymnázia. Český jazyk /

Kniha umožní žákům 5. ročníků cílenou přípravu na úspěšné zvládnutí didaktického testu, který je součástí jednotných přijímacích zkoušek na osmiletá gymnázia. Kniha v úvodu obsahuje stručné informace ke koncepci knihy, k podobě didaktických testů i typům testových úloh. Užitečné mohou být i informac...

Celý popis

Uloženo v:
Hlavní autor: Brož, František, 1960- (Autor)
Další autoři: Brožová, Pavla (Autor), Gazdíková, Vlasta (Autor)
Médium: E-kniha
Jazyk:Czech
Vydáno: V Brně : Edika, 2017
Vydání:1. vydání
Témata:
Tagy:
Žádné tagy
LEADER 02928cam a2200589 i 4500
001 310831
003 CZ PrSKC
005 20260601215655.0
007 ta
008 170912s2017 xr a c p 000 0 cze d
015 |a cnb002940600 
020 |a 9788026611783  |q (brožováno) :  |c Kč 199,00 
035 |a (OCoLC)1028219589 
040 |a PNA001  |b cze  |d ABA001  |e rda 
072 7 |a 811.162.3  |x Čeština  |2 Konspekt 
072 7 |a 37.016  |x Učební osnovy. Vyučovací předměty. Učebnice  |2 Konspekt 
080 |a 811.162.3  |2 MRF 
080 |a 373.3.016  |2 MRF 
080 |a 37.091.212.2  |2 MRF 
080 |a 373.5-021.311  |2 MRF 
080 |a (079.1)  |2 MRF 
100 1 |a Brož, František,  |d 1960-  |7 xx0004455  |4 aut 
245 1 0 |a Přijímací zkoušky na víceletá gymnázia.  |p Český jazyk /  |c František Brož, Pavla Brožová (cvičné didaktické testy), Vlasta Gazdíková (sbírka testových úloh) 
246 3 0 |a Český jazyk 
250 |a 1. vydání 
264 1 |a V Brně :  |b Edika,  |c 2017 
300 |a 136 stran :  |b ilustrace ;  |c 25 cm 
336 |a text  |b txt  |2 rdacontent 
337 |a bez média  |b n  |2 rdamedia 
338 |a svazek  |b nc  |2 rdacarrier 
504 |a Obsahuje bibliografii 
520 2 |a Kniha umožní žákům 5. ročníků cílenou přípravu na úspěšné zvládnutí didaktického testu, který je součástí jednotných přijímacích zkoušek na osmiletá gymnázia. Kniha v úvodu obsahuje stručné informace ke koncepci knihy, k podobě didaktických testů i typům testových úloh. Užitečné mohou být i informace, jak si počínat v průběhu přípravy. Sbírková část přináší rozsáhlou sadu úloh rozdělených podle jednotlivých oblastí učiva. 
520 2 |a Publikace určena žákům 5. tříd na přípravu češtiny k přijímacím zkouškám na gymnázia. V závěru knihy klíč správných odpovědí. 
521 8 |a Pro žáky 5. tříd ZŠ 
650 0 7 |a čeština  |7 ph135292  |2 czenas 
650 0 7 |a učivo základních škol  |7 ph136701  |2 czenas 
650 0 7 |a přijímací zkoušky  |7 ph124916  |2 czenas 
650 0 7 |a gymnázia  |7 ph114644  |2 czenas 
650 0 9 |a Czech language  |2 eczenas 
650 0 9 |a elementary school curriculum  |2 eczenas 
650 0 9 |a entrance examinations  |2 eczenas 
650 0 9 |a high schools  |2 eczenas 
655 7 |a testy  |7 fd133697  |2 czenas 
655 9 |a tests  |2 eczenas 
700 1 |a Brožová, Pavla  |7 pna2012692167  |4 aut 
700 1 |a Gazdíková, Vlasta  |7 mzk2013746233  |4 aut 
900 |a ABA001  |b 21 
928 9 |a Albatros Media - Edika 
044 |a xr 
910 |a RBIT002 
998 |d 175401  |a https://core.palmknihy.cz/api/books/175401/cover?adsum0  |b https://core.palmknihy.cz/api/books/175401/cover/400?1eok6d  |c https://core.palmknihy.cz/api/books/175401/cover/50?tg4fnv  |e 3999-12-31  |g 144  |i 9788026611783  |k https://core.palmknihy.cz/api/books/175401/preview.pdf  |l   |q 49  |r 1  |s https://www.palmknihy.cz/kniha/175401  |t ebook  |y 2017  |z 0 
999 |d 310829